Tradiciones sobre la resurrección de Jesús en las cartas de Pablo: extracto de la tesis preparada para la obtención del grado de Doctor

Uloženo v:
Podrobná bibliografie
Hlavní autor: Vidal García, Senen (Autor)
Médium: Kniha
Jazyk:španělština
Vydáno: Salamanca Universidad Pontificia de Salamanca 1979
Témata:
Tagy: Přidat tag
Žádné tagy, Buďte první, kdo vytvoří štítek k tomuto záznamu!

MARC

LEADER 00000nam a2200000 a 4500
001 UCL3948
003 CL-VaPUC
008 031219e19790000SP |||||||||||||||||spa|d
082 0 4 |a 232.97  |b VID  |2 21 
100 0 |a Vidal García, Senen  |e author  |9 481388 
245 1 0 |a Tradiciones sobre la resurrección de Jesús en las cartas de Pablo: extracto de la tesis preparada para la obtención del grado de Doctor 
300 |a 55 p 
942 |c BK 
945 |d 20031219 00:00:00  |a vberengu 
260 |a Salamanca  |b Universidad Pontificia de Salamanca  |c 1979 
600 0 |a Jesús  |9 313614 
650 0 |a Resurrección de Jesús   |9 314391 
650 0 |a Teología cristiana  |9 308336 
650 0 |a Cristología   |9 315091 
583 |a last modification  |c 20031219 00:00:00  |k Rodrigo Vera 
999 |c 306912  |d 306910 
952 |0 0  |1 2  |4 0  |6 232_970000000000000_VID_1979  |7 0  |8 A  |9 372339  |a BIBTEO  |b BIBTEO  |d 2019-11-21  |i 2097877  |o 232.97 VID 1979  |p 2097877  |r 2019-11-21  |w 2019-11-21  |x Descarte 2019  |y BK  |k ICR